000 00819nam a2200229Ia 4500
001 14697
003 GE_BSU
008 181216s||||||||xx |||||||||||||| ||und||
040 _cGE_BSU
080 _a628.2
100 _aДраченко,Б.Ф. Григоренко,В.Д. и др.
245 _aСборник задач по технологии и организации строительства.
245 _bУчебн. пособие.
245 _cПод ред. Б.Ф.Драченко.
260 _aМ.
260 _bБудiвельник.
260 _c1969.
300 _a304 стр. 22 см. с илл. Библиогр.: стр.300-302.
300 _eТабл.
653 _aСборник задач по технологии и организации строительства.
942 _cBK
999 _c47823
_d47823